De Batard... - Laylow paroles - Statistiques

Statistiques générales
  • Ce quiz a été pris 380 fois
  • Le résultat moyen est 350 sur 500
Statistiques - réponses
paroles % Correct
le
98%
a
97%
à
97%
il
96%
la
96%
96%
me
96%
je
95%
pas
95%
sonné
95%
sonne
95%
est
94%
ma
94%
de
93%
un
93%
ce
92%
ça
91%
en
91%
mais
91%
que
91%
te
91%
13
90%
heures
89%
reveil
88%
fait
87%
une
87%
15
86%
c'est
86%
elle
86%
sur
86%
et
85%
j'ai
85%
les
83%
meme
83%
sa
83%
ta
83%
2014
82%
du
82%
quel
82%
qui
82%
vu
82%
des
81%
play
81%
batard
80%
j'regarde
80%
tout
80%
tu
80%
femme
79%
dit
78%
juventus
78%
mon
78%
y'a
78%
avec
77%
j'fume
77%
t'es
77%
tes
77%
j'met
76%
lui
76%
nous
76%
qu'elle
76%
chier
75%
75%
ou
75%
short
75%
grave
74%
j'suis
74%
moi
74%
donc
73%
j'enfile
73%
mec
73%
entre
72%
gamine
72%
repondre
72%
voisine
72%
iphone
71%
j'vais
71%
qu'hier
71%
reste
71%
comme
70%
d'la
70%
j'allume
70%
qu'on
70%
tete
69%
toque
69%
fille
68%
surement
68%
gaffe
67%
messages
67%
télé
67%
acheterai
66%
beau
66%
bien
66%
clope
66%
flemme
66%
gueule
66%
j'lui
66%
l'école
66%
lit
66%
mere
66%
trop
66%
d'aller
65%
fuck
65%
j'ouvre
65%
qu'la
65%
serieux
65%
yeux
65%
ai
64%
merde
64%
pere
64%
baise
63%
calbar
63%
d'heures
63%
j'sors
63%
tot
63%
dans
62%
toi
62%
wow
62%
ans
61%
bordel
61%
c'mec
61%
dernier
61%
envoie
61%
j'espere
61%
j'etais
61%
puis
61%
sais
61%
tort
61%
train
61%
206
60%
connais
60%
gentil
60%
grosse
60%
j'veux
60%
lundi
60%
piges
60%
rappelle
60%
t'as
60%
tromper
60%
j'fais
59%
putain
59%
qu'c'est
59%
18
58%
19
58%
c'lui
58%
j'mets
58%
l'pire
58%
m'dit
58%
meuf
58%
ouais
58%
plus
58%
mois
57%
6
56%
bon
56%
couilles
56%
dire
56%
fais
56%
jolie
56%
j'roule
56%
qu'ça
56%
salope
56%
t'en
56%
euro
55%
foutu
55%
genre
55%
loyer
55%
pour
55%
qu'il
55%
si
55%
fils
54%
lettres
54%
m'trouve
54%
pute
54%
quand
54%
taffe
54%
tellement
54%
traine
54%
boss
53%
c'que
53%
cuisse
53%
devant
53%
mots
53%
m'voir
53%
paye
53%
l'appeller
52%
noir
52%
sentir
52%
attend
51%
autres
51%
compte
51%
costume
51%
dise
51%
d'taff
51%
léchouilles
51%
palier
51%
prends
51%
quelqu'un
51%
remarqué
51%
branler
50%
d'faire
50%
double
50%
droit
50%
gauche
50%
gentils
50%
nique
50%
rien
50%
sensible
50%
aux
49%
d'ailleurs
49%
d'fermer
49%
laisse
49%
m'fait
49%
perdu
49%
qu'j'suis
49%
7
48%
droite
48%
d'special
48%
l'bat
48%
l'heure
48%
part
48%
pet'
48%
raf
48%
ses
48%
l'avis
47%
personne
47%
qu'tu
47%
actuelle
46%
bulletins
46%
caisse
46%
l'huissier
46%
m'touche
46%
premium
46%
stresse
46%
bref
45%
cramer
45%
dur
45%
j'arrive
45%
jours
45%
redtube
45%
tess
45%
assez
44%
gars
44%
m'baises
44%
m'répéter
44%
pointes
44%
reçu
44%
boeuf
43%
j'monte
43%
112
42%
doigt
42%
ducoup
42%
j'vois
42%
net
42%
l'oeil
41%
j'avais
40%
l'adresse
40%
l'premier
40%
numero
40%
toute
40%
qu'trainer
39%
y'avais
39%
j'taffe
38%
miff
38%
t'faire
38%
convenue
37%
feuille
37%
l'appart
37%
d'oseilles
36%
porte
36%
ok
35%
avant
34%
casse
33%
EA
33%
assedics
32%
bizarre
32%
m'regarde
32%
vient
31%
d'toquer
30%
d'deraper
29%
j'detourne
29%
sports
28%
j'cherche
27%
game
26%
eh
25%
j'continue
25%
the
25%
visage
25%
in
24%
it's
20%
d'vinera
8%
j'lzi
3%
Aucun quiz correspondant
Distribution des résultats
% des personnes avec chaque résultat
Percentile par nombre de réponses
Votre historique - résultats
Vous n’avez pas pris ce quiz